[Event "FIDE Open Sachove Univerzity QCC"]
[Site "Ceske Budejovice"]
[Date "2020.07.03"]
[Round "3.5"]
[White "Veverka, Vladimir"]
[Black "Straka, Zdenek"]
[Result "1/2-1/2"]
[WhiteElo "1644"]
[BlackElo "1812"]
[Annotator "NA"]
[PlyCount "85"]
[EventDate "2020.07.01"]
[EventType "swiss"]
[EventCountry "CZE"]
[SourceTitle "playchess.com"]
[Source "ChessBase"]
[SourceQuality "1"]
[TimeControl "40/5400+30:1800+30"]

1. d4 {[%emt 0:00:00]} e6 {[%emt 0:07:46]} 2. c4 {[%emt 0:00:42]} Bb4+ {[%emt 0:00:22]} 3. Nc3 {[%emt 0:01:05]} c5 {[%emt 0:00:19]} 4. e3 {[%emt 0:01:26]} Nf6 {[%emt 0:00:39]} 5. Nf3 {[%emt 0:01:38]} O-O {[%emt 0:05:08]} 6. Be2 {[%emt 0:01:25]} d5 {[%emt 0:01:50]} 7. dxc5 {[%emt 0:07:08]} dxc4 {[%emt 0:05:55]} 8. Qxd8 {[%emt 0:01:15]} Rxd8 {[%emt 0:00:34]} 9. O-O {[%emt 0:00:59]} Bxc5 $11 {[%emt 0:01:48]} 10. Bxc4 {[%emt 0:01:39]} Nc6 {[%emt 0:02:28]} 11. b3 {[%emt 0:01:56]} b6 {[%emt 0:03:01]} 12. Bb2 {[%emt 0:00:57]} Bb7 {[%emt 0:00:10]} 13. Rfd1 {[%emt 0:01:10]} Rac8 {[%emt 0:04:23]} 14. Ne2 {[%emt 0:01:19]} Ne4 {[%emt 0:17:14]} 15. Ned4 {[%emt 0:01:51]} Nxd4 {[%emt 0:05:54]} 16. Nxd4 {[%emt 0:00:45]} Bd5 {[%emt 0:08:29]} 17. Bxd5 {[%emt 0:04:13]} Rxd5 {[%emt 0:00:24]} 18. Ne2 {[%emt 0:02:28]} Rcd8 {[%emt 0:00:34]} 19. Rxd5 {[%emt 0:03:22]} Rxd5 {[%emt 0:00:17]} 20. Nc3 {[%emt 0:01:37]} Nxc3 {[%emt 0:02:13]} 21. Bxc3 {[%emt 0:01:01]} Rd3 {[%emt 0:01:35]} 22. Be1 {[%emt 0:01:17]} Kf8 {[%emt 0:01:04]} 23. Kf1 {[%emt 0:00:33]} Ke7 {[%emt 0:00:16]} 24. Ke2 {[%emt 0:00:24]} Rd7 {[%emt 0:02:58]} 25. Rd1 {[%emt 0:00:51]} Rxd1 {[%emt 0:01:40]} 26. Kxd1 {[%emt 0:00:12]} a6 {[%emt 0:00:34]} 27. Bc3 {[%emt 0:01:37]} g6 {[%emt 0:00:31]} 28. Kd2 {[%emt 0:01:02]} b5 {[%emt 0:00:27]} 29. Kd3 {[%emt 0:00:34]} Kd6 {[%emt 0:00:35]} 30. Bd4 {[%emt 0:01:01]} Bxd4 {[%emt 0:12:19]} 31. Kxd4 {[%emt 0:00:42]} e5+ {[%emt 0:00:21]} 32. Kd3 {[%emt 0:00:47]} f5 {[%emt 0:01:59]} 33. a3 {[%emt 0:06:32]} Kd5 {[%emt 0:01:20]} 34. f3 {[%emt 0:00:52]} e4+ {[%emt 0:03:56]} 35. fxe4+ {[%emt 0:01:01]} fxe4+ {[%emt 0:00:02]} 36. Kc3 {[%emt 0:00:41]} a5 {[%emt 0:00:43]} 37. a4 {[%emt 0:00:41]} b4+ {[%emt 0:00:46]} 38. Kd2 {[%emt 0:00:40]} Ke5 {[%emt 0:00:11]} 39. Ke2 {[%emt 0:00:20]} Kf5 {[%emt 0:00:07]} 40. h3 {[%emt 0:00:20]} h5 {[%emt 0:00:26]} 41. g3 {[%emt 0:30:37]} g5 {[%emt 0:31:12]} 42. Kf2 {[%emt 0:00:10]} g4 {[%emt 0:02:25]} 43. h4 {[%emt 0:01:48]} 1/2-1/2

[Event "FIDE Open Sachove Univerzity QCC"]
[Site "Ceske Budejovice"]
[Date "2020.07.03"]
[Round "3.5"]
[White "Roubal, Matyas"]
[Black "Stavova, Marketa"]
[Result "1-0"]
[WhiteElo "1443"]
[BlackElo "1219"]
[Annotator "NA"]
[PlyCount "65"]
[EventDate "2020.07.01"]
[EventType "swiss"]
[EventCountry "CZE"]
[SourceTitle "playchess.com"]
[Source "ChessBase"]
[SourceQuality "1"]
[TimeControl "40/5400+30:1800+30"]

1. e4 {[%emt 0:00:00]} e5 {[%emt 0:00:00]} 2. Nf3 {[%emt 0:00:00]} Nc6 {[%emt 0:00:16]} 3. d4 {[%emt 0:00:00]} exd4 {[%emt 0:00:36]} 4. Bc4 {[%emt 0:00:00]} Bc5 {[%emt 0:01:25]} 5. c3 {[%emt 0:00:00]} Bb6 {[%emt 0:01:41]} 6. cxd4 {[%emt 0:00:12]} Nge7 {[%emt 0:01:26]} 7. Nc3 {[%emt 0:00:37]} d6 {[%emt 0:01:19]} 8. O-O {[%emt 0:00:43]} O-O {[%emt 0:00:50]} 9. Be3 {[%emt 0:01:37]} Bd7 {[%emt 0:02:26]} 10. d5 {[%emt 0:02:22]} Ne5 {[%emt 0:02:05]} 11. Nxe5 {[%emt 0:00:17]} dxe5 {[%emt 0:00:27]} 12. Bxb6 {[%emt 0:00:10]} axb6 {[%emt 0:01:34]} 13. Qd2 {[%emt 0:03:16]} Ng6 {[%emt 0:02:30]} 14. Rfe1 {[%emt 0:04:51]} Qe7 {[%emt 0:05:13]} 15. Rad1 {[%emt 0:02:42]} Nh4 {[%emt 0:01:53]} 16. Re3 {[%emt 0:03:32]} Qf6 {[%emt 0:03:09]} 17. Qe2 {[%emt 0:07:00]} Ng6 {[%emt 0:06:44]} 18. g3 {[%emt 0:03:38]} Qg5 {[%emt 0:03:02]} 19. Kh1 {[%emt 0:01:58]} Bh3 {[%emt 0:05:30]} 20. Rg1 {[%emt 0:03:21]} Kh8 {[%emt 0:06:53]} 21. f3 {[%emt 0:03:09]} f5 {[%emt 0:03:35]} 22. Rd3 {[%emt 0:01:35]} Qh5 {[%emt 0:03:45]} 23. exf5 {[%emt 0:03:44]} Bxf5 {[%emt 0:01:46]} 24. Ne4 {[%emt 0:00:20]} Bxe4 {[%emt 0:01:15]} 25. Qxe4 {[%emt 0:00:08]} Ra4 {[%emt 0:00:47]} 26. Ra3 {[%emt 0:12:06]} Rxa3 {[%emt 0:00:45]} 27. bxa3 {[%emt 0:00:04]} Rxf3 {[%emt 0:00:44]} 28. Be2 {[%emt 0:00:37]} Qg5 {[%emt 0:12:31]} 29. Qxf3 {[%emt 0:00:29]} Qd2 {[%emt 0:00:41]} 30. Rf1 {[%emt 0:00:06]} h6 {[%emt 0:00:26]} 31. Bd3 {[%emt 0:00:28]} Kh7 {[%emt 0:00:58]} 32. Bxg6+ {[%emt 0:00:06]} Kxg6 {[%emt 0:00:07]} 33. Qf5# {[%emt 0:00:03]} 1-0

[Event "FIDE Open Sachove Univerzity QCC"]
[Site "Ceske Budejovice"]
[Date "2020.07.03"]
[Round "3.6"]
[White "Zelbova, Lada"]
[Black "Valtr, Filip"]
[Result "1-0"]
[WhiteElo "1637"]
[BlackElo "1784"]
[Annotator "NA"]
[PlyCount "81"]
[EventDate "2020.07.01"]
[EventType "swiss"]
[EventCountry "CZE"]
[SourceTitle "playchess.com"]
[Source "ChessBase"]
[SourceQuality "1"]
[TimeControl "40/5400+30:1800+30"]

1. d4 {[%emt 0:00:00]} Nf6 {[%emt 0:00:00]} 2. Nf3 {[%emt 0:00:00]} e6 {[%emt 0:00:00]} 3. Bf4 {[%emt 0:00:30]} c5 {[%emt 0:00:57]} 4. e3 {[%emt 0:05:34]} Nc6 {[%emt 0:01:06]} 5. c3 {[%emt 0:01:13]} a6 {[%emt 0:04:30]} 6. a4 {[%emt 0:02:19]} Be7 {[%emt 0:00:51]} 7. h3 {[%emt 0:04:24]} O-O {[%emt 0:04:12]} 8. Bd3 {[%emt 0:00:10]} d5 {[%emt 0:05:01]} 9. Nbd2 {[%emt 0:01:31]} Bd7 {[%emt 0:10:57]} 10. O-O {[%emt 0:01:24]} Rc8 {[%emt 0:04:05]} 11. Re1 {[%emt 0:11:38]} h6 {[%emt 0:13:47]} 12. Qb1 {[%emt 0:02:04]} Kh8 {[%emt 0:16:16]} 13. Qa2 {[%emt 0:01:05]} Ra8 {[%emt 0:06:32]} 14. Qb1 {[%emt 0:04:34]} c4 {[%emt 0:05:05]} 15. Bc2 {[%emt 0:03:33]} b5 {[%emt 0:01:07]} 16. e4 {[%emt 0:06:29]} g5 {[%emt 0:04:42]} 17. Bxg5 {[%emt 0:14:08]} hxg5 {[%emt 0:00:39]} 18. Nxg5 {[%emt 0:00:32]} Nh5 {[%emt 0:00:24]} 19. Qd1 {[%emt 0:09:42]} Ng7 {[%emt 0:00:39]} 20. Ngf3 {[%emt 0:00:52]} f5 {[%emt 0:04:42]} 21. exd5 {[%emt 0:03:16]} exd5 {[%emt 0:00:11]} 22. Qe2 {[%emt 0:08:02]} Bg5 {[%emt 0:01:57]} 23. Nxg5 {[%emt 0:00:36]} Qxg5 {[%emt 0:00:03]} 24. Nf3 {[%emt 0:00:29]} Qh5 {[%emt 0:01:05]} 25. Qd2 {[%emt 0:03:11]} Rae8 {[%emt 0:00:54]} 26. Ne5 {[%emt 0:00:55]} Nxe5 {[%emt 0:01:00]} 27. dxe5 {[%emt 0:00:11]} Be6 {[%emt 0:01:14]} 28. Qd4 {[%emt 0:01:04]} f4 {[%emt 0:01:13]} 29. Kh2 {[%emt 0:03:33]} Nf5 {[%emt 0:04:02]} 30. Bxf5 {[%emt 0:01:16]} Rxf5 {[%emt 0:00:05]} 31. Rh1 {[%emt 0:02:46]} Qe2 {[%emt 0:01:04]} 32. axb5 {[%emt 0:01:53]} axb5 {[%emt 0:00:19]} 33. Rhe1 {[%emt 0:01:27]} Qh5 {[%emt 0:01:46]} 34. Rh1 {[%emt 0:01:23]} Rg8 {[%emt 0:00:25]} 35. Ra6 {[%emt 0:00:52]} Qg5 {[%emt 0:02:05]} 36. Rg1 {[%emt 0:01:01]} Qe7 {[%emt 0:01:10]} 37. Ra7 {[%emt 0:01:01]} Qf8 {[%emt 0:01:15]} 38. Qb6 {[%emt 0:01:39]} Rxe5 {[%emt 0:00:44]} 39. Qd4 {[%emt 0:01:33]} Qf6 {[%emt 0:00:38]} 40. Re1 {[%emt 0:00:47]} Rf5 {[%emt 0:00:18]} 41. Rxe6 {[%emt 0:30:11]} 1-0

[Event "FIDE Open Sachove Univerzity QCC"]
[Site "Ceske Budejovice"]
[Date "2020.07.03"]
[Round "3.7"]
[White "Dusanek, Michal"]
[Black "Berka, Lubos"]
[Result "1-0"]
[WhiteElo "1500"]
[BlackElo "1718"]
[Annotator "NA"]
[PlyCount "61"]
[EventDate "2020.07.01"]
[EventType "swiss"]
[EventCountry "CZE"]
[SourceTitle "playchess.com"]
[Source "ChessBase"]
[SourceQuality "1"]
[TimeControl "40/5400+30:1800+30"]

1. e4 {[%emt 0:00:00]} b6 {[%emt 0:00:23]} 2. d4 {[%emt 0:01:07]} Bb7 {[%emt 0:00:06]} 3. Bd3 {[%emt 0:02:53]} Nf6 {[%emt 0:00:42]} 4. Nd2 {[%emt 0:02:49]} e6 {[%emt 0:00:58]} 5. a3 {[%emt 0:06:20]} c5 {[%emt 0:00:27]} 6. Ngf3 {[%emt 0:04:27]} c4 {[%emt 0:05:57]} 7. Bxc4 {[%emt 0:02:44]} Nxe4 {[%emt 0:00:12]} 8. Nxe4 {[%emt 0:01:00]} Bxe4 {[%emt 0:00:06]} 9. Bf4 {[%emt 0:01:10]} Be7 {[%emt 0:08:03]} 10. O-O {[%emt 0:02:19]} O-O {[%emt 0:04:19]} 11. Re1 {[%emt 0:00:43]} Bb7 {[%emt 0:00:37]} 12. c3 {[%emt 0:00:49]} d5 {[%emt 0:05:57]} 13. Bd3 {[%emt 0:01:22]} Nd7 {[%emt 0:00:27]} 14. Qc2 {[%emt 0:02:03]} h6 {[%emt 0:05:09]} 15. Re3 {[%emt 0:04:54]} Nf6 {[%emt 0:02:44]} 16. Rae1 {[%emt 0:02:05]} Ng4 {[%emt 0:03:17]} 17. R3e2 {[%emt 0:04:05]} Bd6 {[%emt 0:01:25]} 18. Ne5 {[%emt 0:02:27]} Nxe5 {[%emt 0:00:23]} 19. Bxe5 {[%emt 0:00:36]} Bxe5 {[%emt 0:00:09]} 20. Rxe5 {[%emt 0:00:09]} Qc7 {[%emt 0:05:14]} 21. R1e3 {[%emt 0:03:19]} Rae8 {[%emt 0:01:03]} 22. f4 {[%emt 0:02:11]} Bc8 {[%emt 0:01:11]} 23. Qf2 {[%emt 0:01:34]} f6 {[%emt 0:06:50]} 24. Rh5 {[%emt 0:01:28]} e5 {[%emt 0:03:12]} 25. fxe5 {[%emt 0:04:47]} fxe5 {[%emt 0:00:48]} 26. Qg3 {[%emt 0:00:17]} Qf7 {[%emt 0:10:12]} 27. Rhxe5 {[%emt 0:04:57]} Rxe5 {[%emt 0:02:39]} 28. Rxe5 {[%emt 0:01:19]} g5 {[%emt 0:04:42]} 29. Qe3 {[%emt 0:02:03]} a6 {[%emt 0:02:43]} 30. Re7 {[%emt 0:03:05]} Qh5 {[%emt 0:02:50]} 31. Bh7+ {[%emt 0:03:28]} 1-0

[Event "FIDE Open Sachove Univerzity QCC"]
[Site "Ceske Budejovice"]
[Date "2020.07.03"]
[Round "3.8"]
[White "Janouskova, Adela"]
[Black "Hlavsa, Filip"]
[Result "1-0"]
[WhiteElo "1377"]
[BlackElo "1886"]
[Annotator "NA"]
[PlyCount "87"]
[EventDate "2020.07.01"]
[EventType "swiss"]
[EventCountry "CZE"]
[SourceTitle "playchess.com"]
[Source "ChessBase"]
[SourceQuality "1"]
[TimeControl "40/5400+30:1800+30"]

1. e4 {[%emt 0:00:00]} d6 {[%emt 0:00:15]} 2. d4 {[%emt 0:00:09]} Nf6 {[%emt 0:00:09]} 3. Nc3 {[%emt 0:00:12]} Nbd7 {[%emt 0:00:05]} 4. g3 {[%emt 0:00:32]} e5 {[%emt 0:01:14]} 5. Nge2 {[%emt 0:00:32]} c6 {[%emt 0:01:29]} 6. a4 {[%emt 0:00:37]} Be7 {[%emt 0:01:21]} 7. Bg2 {[%emt 0:01:26]} O-O {[%emt 0:01:58]} 8. O-O {[%emt 0:00:08]} b6 {[%emt 0:01:14]} 9. h3 {[%emt 0:00:35] B07: Pirc Defence: Miscellaneous Systems.} Bb7 {[%emt 0:01:34]} 10. Be3 {[%emt 0:00:21]} a6 {[%emt 0:00:44]} 11. f4 {[%emt 0:02:00]} (11. g4 $14) 11... Qc7 {[%emt 0:00:32] [#]} ({Black should play} 11... b5 $11) 12. f5 $146 {[%emt 0:03:14]} ({Predecessor:} 12. g4 $14 exd4 13. Nxd4 d5 14. e5 Ne8 15. Nf5 Bc5 16. Qd2 Rd8 17. Rae1 Bb4 18. Bf2 {0-1 (70) Galliamova,A (2526)-Skripchenko,A (2450) New Delhi 2000}) 12... b5 {[%emt 0:01:36]} 13. g4 {[%emt 0:02:22]} b4 {[%emt 0:00:33]} 14. Na2 {[%emt 0:01:18]} (14. g5 $17 bxc3 15. gxf6 Bxf6 16. Nxc3) 14... exd4 {[%emt 0:04:05]} 15. Qxd4 {[%emt 0:04:26]} c5 {[%emt 0:01:27]} 16. Qd3 {[%emt 0:00:28]} Ne5 {[%emt 0:00:42]} 17. Qd1 {[%emt 0:01:52]} Nxe4 {[%emt 0:04:26]} ({But not} 17... Bxe4 18. Bxe4 Nxe4 19. Qd5 $19) 18. Nf4 {[%emt 0:02:45]} Nc4 {[%emt 0:06:14]} 19. Bc1 {[%emt 0:02:08]} Rfe8 {[%emt 0:30:30]} 20. Nd5 {[%emt 0:02:42]} Bxd5 {[%emt 0:10:39]} 21. Qxd5 {[%emt 0:00:35]} Ng3 {[%emt 0:00:47]} 22. Qxc4 {[%emt 0:00:40]} Nxf1 {[%emt 0:04:22]} (22... d5 $1 $14 23. Bxd5 {[%mdl 64] Double Attack} Nxf1) 23. Bxa8 {[%emt 0:00:52]} d5 {[%emt 0:01:07]} 24. Bf4 {[%emt 0:15:03]} Nd2 $2 {[%emt 0:09:50]} (24... dxc4 $16 25. Bxc7 Ne3) 25. Bxc7 {[%emt 0:00:51]} Nxc4 {[%emt 0:01:32]} 26. Bxd5 {[%emt 0:00:55]} Ne3 {[%emt 0:00:10]} 27. Bg2 {[%emt 0:05:35]} Nxc2 {[%emt 0:01:25]} 28. Rc1 {[%emt 0:00:53]} b3 {[%emt 0:03:09]} 29. Nc3 {[%emt 0:00:24]} Bf6 {[%emt 0:01:08]} 30. Ba5 {[%emt 0:02:18]} Ne3 {[%emt 0:06:10]} 31. Bf1 {[%emt 0:14:26]} h5 {[%emt 0:02:30]} 32. Re1 {[%emt 0:03:21]} Bd4 $18 {[%emt 0:01:58]} 33. Kh1 {[%emt 0:00:05]} hxg4 {[%emt 0:00:18]} 34. Nd1 {[%emt 0:04:27]} Kf8 {[%emt 0:01:15]} 35. Nxe3 {[%emt 0:00:34]} Rxe3 {[%emt 0:00:17]} 36. Rxe3 {[%emt 0:00:20]} Bxe3 {[%emt 0:00:03]} 37. hxg4 {[%emt 0:00:18]} Bd4 {[%emt 0:00:26]} 38. Bb6 {[%emt 0:01:59]} Ke7 {[%emt 0:01:13]} 39. Bc4 {[%emt 0:00:19]} f6 {[%emt 0:00:31]} 40. Bxb3 {[%emt 0:00:12]} Kd6 {[%emt 0:00:09]} 41. Bc4 {[%emt 0:30:55]} Bxb2 {[%emt 0:01:55]} 42. Bxa6 {[%emt 0:00:00]} Kd5 {[%emt 0:00:19]} 43. a5 {[%emt 0:00:00]} Bd4 {[%emt 0:02:11]} 44. Bb7+ {[%emt 0:00:00]} 1-0

[Event "FIDE Open Sachove Univerzity QCC"]
[Site "Ceske Budejovice"]
[Date "2020.07.03"]
[Round "3.9"]
[White "Svetly, Jiri"]
[Black "Martirosyan, David"]
[Result "1-0"]
[WhiteElo "1835"]
[BlackElo "1560"]
[Annotator "NA"]
[PlyCount "51"]
[EventDate "2020.07.01"]
[EventType "swiss"]
[EventCountry "CZE"]
[SourceTitle "playchess.com"]
[Source "ChessBase"]
[SourceQuality "1"]
[TimeControl "40/5400+30:1800+30"]

1. d4 {[%emt 0:00:00]} Nf6 {[%emt 0:00:08]} 2. c4 {[%emt 0:00:13]} g6 {[%emt 0:01:00]} 3. Nc3 {[%emt 0:00:09]} d5 {[%emt 0:01:51]} 4. cxd5 {[%emt 0:02:07]} Nxd5 {[%emt 0:00:09]} 5. Bd2 {[%emt 0:00:11]} Bg7 {[%emt 0:00:56]} 6. e4 {[%emt 0:03:53]} Nb6 {[%emt 0:00:59]} 7. Be3 {[%emt 0:03:13]} O-O {[%emt 0:00:47]} 8. Nf3 {[%emt 0:00:35]} Bg4 {[%emt 0:01:38]} 9. Be2 {[%emt 0:01:23]} Bxf3 {[%emt 0:00:55] is the legacy move (9...Nc6). D90: Grünfeld: 4 Nf3 Bg7 sidelines.} 10. Bxf3 {[%emt 0:02:00]} Nc6 {[%emt 0:00:25]} 11. e5 {[%emt 0:08:48] [#]} Nc4 $146 {[%emt 0:10:42]} ({Predecessor:} 11... Qe8 12. Qe2 Rd8 13. Rd1 f5 14. Bxc6 Qxc6 15. f4 Nd5 16. Nxd5 Qxd5 17. Rc1 c6 {0-1 (49) Lima,A (2015)-Supi,L (2168) Maringa 2011}) 12. b3 {[%emt 0:03:00]} Nxe3 {[%emt 0:03:15]} 13. fxe3 {[%emt 0:00:07]} e6 {[%emt 0:10:23]} 14. O-O {[%emt 0:01:00]} Qe7 {[%emt 0:01:23]} 15. Ne4 {[%emt 0:08:39]} Rad8 {[%emt 0:09:36]} 16. Qe2 {[%emt 0:02:33]} Na5 {[%emt 0:16:37]} 17. Qb5 {[%emt 0:02:53]} b6 {[%emt 0:07:11]} 18. Rac1 {[%emt 0:04:48]} Kh8 {[%emt 0:03:14]} 19. b4 {[%emt 0:03:20]} c6 $18 {[%emt 0:10:08]} (19... Bh6 $16 {was worth a try.} 20. Qe2 (20. bxa5 Bxe3+ 21. Kh1 Bxc1 $14) 20... Qxb4) 20. Qa4 {[%emt 0:00:49]} Nb7 {[%emt 0:03:54]} 21. Rxc6 {[%emt 0:03:21]} Bh6 {[%emt 0:03:23]} 22. Qb3 {[%emt 0:03:11]} a5 {[%emt 0:01:33]} 23. a3 {[%emt 0:00:21]} b5 {[%emt 0:04:18]} 24. Rfc1 {[%emt 0:01:39]} axb4 {[%emt 0:01:03]} 25. axb4 {[%emt 0:00:19]} Ra8 {[%emt 0:02:30]} 26. Rc7 {[%emt 0:01:54]} 1-0

[Event "FIDE Open Sachove Univerzity QCC"]
[Site "Ceske Budejovice"]
[Date "2020.07.03"]
[Round "3.10"]
[White "Pokora, Lubomir"]
[Black "Popov, Roman"]
[Result "0-1"]
[WhiteElo "1800"]
[BlackElo "2353"]
[Annotator "ChessBase"]
[PlyCount "75"]
[EventDate "2020.07.01"]
[EventType "swiss"]
[EventCountry "CZE"]
[SourceTitle "playchess.com"]
[Source "ChessBase"]
[SourceQuality "1"]
[TimeControl "40/5400+30:1800+30"]

1. b3 {[%emt 0:00:00]} d5 {[%emt 0:00:00]} 2. Bb2 {[%emt 0:00:00]} Nf6 {[%emt 0:00:00]} 3. e3 {[%emt 0:00:12]} Bf5 {[%emt 0:00:13]} 4. Nf3 {[%emt 0:01:08]} h6 {[%emt 0:01:11]} 5. d4 {[%emt 0:04:04]} e6 {[%emt 0:00:34]} 6. Nbd2 {[%emt 0:01:46]} c6 {[%emt 0:00:43]} 7. Be2 {[%emt 0:02:48]} Bd6 {[%emt 0:00:29]} 8. O-O {[%emt 0:03:25]} O-O {[%emt 0:01:07]} 9. c4 {[%emt 0:04:44]} Re8 {[%emt 0:02:26]} 10. Qc1 {[%emt 0:06:10]} Nbd7 {[%emt 0:02:46]} 11. Rd1 {[%emt 0:09:37]} e5 {[%emt 0:10:19]} 12. dxe5 {[%emt 0:04:25]} Nxe5 {[%emt 0:00:42]} 13. Nxe5 {[%emt 0:10:30]} Bxe5 {[%emt 0:02:57]} 14. Nf3 {[%emt 0:01:37]} Bxb2 {[%emt 0:09:50]} 15. Qxb2 {[%emt 0:01:01]} Qe7 {[%emt 0:02:38]} 16. cxd5 {[%emt 0:08:05]} Nxd5 {[%emt 0:01:39]} 17. Bc4 {[%emt 0:00:57]} Nf6 {[%emt 0:04:01]} 18. Re1 {[%emt 0:06:21]} Rad8 {[%emt 0:03:14]} 19. Nd4 {[%emt 0:05:43]} Be4 {[%emt 0:05:43]} 20. Rad1 {[%emt 0:10:06]} Bd5 {[%emt 0:08:30]} 21. Qc1 {[%emt 0:02:01]} Qe4 {[%emt 0:05:42]} 22. f3 {[%emt 0:02:30]} Qh4 {[%emt 0:06:24]} 23. Bxd5 {[%emt 0:04:13]} Rxd5 {[%emt 0:01:44]} 24. e4 {[%emt 0:00:52]} Rh5 {[%emt 0:01:36]} 25. h3 {[%emt 0:01:04]} Rg5 {[%emt 0:02:12]} 26. Kh1 {[%emt 0:01:23]} Nh5 {[%emt 0:01:42]} 27. Nf5 {[%emt 0:01:48]} Ng3+ {[%emt 0:02:12]} 28. Nxg3 {[%emt 0:00:08]} Qxg3 {[%emt 0:01:56]} 29. Re2 {[%emt 0:01:44]} Re6 {[%emt 0:04:26]} 30. Qc2 {[%emt 0:03:05]} Reg6 {[%emt 0:02:25]} 31. Qd2 {[%emt 0:01:55]} Rh5 {[%emt 0:01:11]} 32. Qe3 {[%emt 0:01:12]} Rh4 {[%emt 0:02:41]} 33. Qf2 {[%emt 0:00:39]} Rxh3+ {[%emt 0:01:06]} 34. gxh3 {[%emt 0:00:06]} Qxh3+ {[%emt 0:00:08]} 35. Qh2 {[%emt 0:00:40]} Qxf3+ {[%emt 0:00:06]} 36. Rg2 {[%emt 0:00:54]} Qxd1+ {[%emt 0:00:02]} 37. Rg1 {[%emt 0:00:00]} Rxg1+ {[%emt 0:00:03]} 38. Qxg1 {[%emt 0:00:00]} 0-1

[Event "FIDE Open Sachove Univerzity QCC"]
[Site "Ceske Budejovice"]
[Date "2020.07.03"]
[Round "3.11"]
[White "Petkov, Andon"]
[Black "Strapec, Lukas"]
[Result "1-0"]
[WhiteElo "1776"]
[BlackElo "1525"]
[Annotator "NA"]
[PlyCount "32"]
[EventDate "2020.07.01"]
[EventType "swiss"]
[EventCountry "CZE"]
[SourceTitle "playchess.com"]
[Source "ChessBase"]
[SourceQuality "1"]
[TimeControl "40/5400+30:1800+30"]

1. Nc3 {[%emt 0:09:27]} Nf6 {[%emt 0:00:28]} 2. e4 {[%emt 0:00:08]} e5 {[%emt 0:01:46]} 3. Nf3 {[%emt 0:01:11]} c6 {[%emt 0:02:45]} 4. d4 {[%emt 0:01:52]} exd4 {[%emt 0:01:18]} 5. Qxd4 {[%emt 0:00:14]} d5 {[%emt 0:10:20]} 6. exd5 {[%emt 0:05:41]} Nxd5 {[%emt 0:00:29]} 7. Bc4 {[%emt 0:04:23]} Nxc3 {[%emt 0:07:04]} 8. Bxf7+ {[%emt 0:01:16]} Kxf7 {[%emt 0:12:48]} 9. Qxd8 {[%emt 0:00:08]} Nxa2 {[%emt 0:01:54]} 10. Ng5+ {[%emt 0:09:32]} Kg6 {[%emt 0:01:26]} 11. Qe8+ {[%emt 0:00:11]} Kf6 {[%emt 0:03:01]} 12. Qf7+ {[%emt 0:01:14]} Ke5 {[%emt 0:02:04]} 13. Bf4+ {[%emt 0:01:56]} Kd4 {[%emt 0:00:36]} 14. Rd1+ {[%emt 0:00:56]} Kc5 {[%emt 0:00:28]} 15. Qxa2 {[%emt 0:00:35]} b5 {[%emt 0:02:11]} 16. Be3+ {[%emt 0:00:18]} Kb4 {[%emt 0:00:56]} 1-0

[Event "FIDE Open Sachove Univerzity QCC"]
[Site "Ceske Budejovice"]
[Date "2020.07.03"]
[Round "3.12"]
[White "Dobsinsky, Petr"]
[Black "Huemer, Gerald"]
[Result "0-1"]
[WhiteElo "1248"]
[BlackElo "1721"]
[Annotator "NA"]
[PlyCount "62"]
[EventDate "2020.07.01"]
[EventType "swiss"]
[EventCountry "CZE"]
[SourceTitle "playchess.com"]
[Source "ChessBase"]
[SourceQuality "1"]
[TimeControl "40/5400+30:1800+30"]

1. d4 {[%emt 0:00:00]} Nf6 {[%emt 0:00:00]} 2. c4 {[%emt 0:00:00]} e6 {[%emt 0:00:20]} 3. Nc3 {[%emt 0:00:05]} Be7 {[%emt 0:00:45]} 4. Bg5 {[%emt 0:00:48]} d6 {[%emt 0:00:15]} 5. e3 {[%emt 0:01:06]} Nbd7 {[%emt 0:00:23]} 6. Bd3 {[%emt 0:00:27]} b6 {[%emt 0:04:28]} 7. Qf3 {[%emt 0:02:59]} Rb8 {[%emt 0:01:28]} 8. Nge2 {[%emt 0:04:58]} Bb7 {[%emt 0:01:16]} 9. Qg3 {[%emt 0:01:20]} Nh5 {[%emt 0:06:41]} 10. Bxe7 {[%emt 0:00:19]} Nxg3 {[%emt 0:00:16]} 11. Bxd8 {[%emt 0:00:04]} Nxh1 {[%emt 0:00:18]} 12. Bxc7 {[%emt 0:00:46]} Rc8 {[%emt 0:00:07]} 13. Bxd6 {[%emt 0:00:40]} Bxg2 {[%emt 0:00:10]} 14. b3 {[%emt 0:02:42]} Nf6 {[%emt 0:03:08]} 15. Be5 {[%emt 0:04:06]} Ng4 {[%emt 0:00:47]} 16. Nb5 {[%emt 0:00:41]} O-O {[%emt 0:00:59]} 17. Nd6 {[%emt 0:01:03]} Nhxf2 {[%emt 0:03:53]} 18. Kd2 {[%emt 0:02:13]} Nxe5 {[%emt 0:05:28]} 19. dxe5 {[%emt 0:00:40]} Rcd8 {[%emt 0:02:47]} 20. Rg1 {[%emt 0:02:17]} Nxd3 {[%emt 0:00:30]} 21. Kxd3 {[%emt 0:01:05]} Bf3 {[%emt 0:01:20]} 22. Nd4 {[%emt 0:00:33]} Bh5 {[%emt 0:01:13]} 23. N6b5 {[%emt 0:05:16]} f6 {[%emt 0:03:58]} 24. Kc3 {[%emt 0:01:47]} Bg6 {[%emt 0:04:10]} 25. Nd6 {[%emt 0:02:29]} fxe5 {[%emt 0:00:42]} 26. Nxe6 {[%emt 0:01:49]} Rxd6 {[%emt 0:00:13]} 27. Nxf8 {[%emt 0:00:18]} Kxf8 {[%emt 0:00:03]} 28. Rg5 {[%emt 0:02:28]} Rd3+ {[%emt 0:02:54]} 29. Kb2 {[%emt 0:01:04]} Rxe3 {[%emt 0:00:15]} 30. Rg1 {[%emt 0:00:45]} Re2+ {[%emt 0:00:26]} 31. Kc1 {[%emt 1:00:42]} Rxa2 {[%emt 0:56:17]} 0-1